000 01138nam a2200289Ia 4500
001 ebr10595361
003 CaPaEBR
006 m u
007 cr cn|||||||||
008 120922s2012 nju s 000 0 eng d
020 _z9781118379523
020 _z9781118431368
040 _aCaPaEBR
_cCaPaEBR
035 _a(OCoLC)815509828
050 1 4 _aQA76.2.J63
_bE47 2012eb
100 1 _aElliot, Jay.
245 1 0 _aLeading Apple with Steve Jobs
_h[electronic resource] :
_bmanagement lessons from a controversial genius /
_cJay Elliot.
260 _aHoboken, NJ :
_bWiley,
_cc2012.
300 _axiii, 175 p.
533 _aElectronic reproduction.
_bPalo Alto, Calif. :
_cebrary,
_d2011.
_nAvailable via World Wide Web.
_nAccess may be limited to ebrary affiliated libraries.
600 1 0 _aJobs, Steve,
_d1955-2011.
610 2 0 _aApple Computer, Inc.
650 0 _aComputer industry
_zUnited States
_xManagement
_vBiography.
655 7 _aElectronic books.
_2local
710 2 _aebrary, Inc.
856 4 0 _uhttp://site.ebrary.com/lib/rucke/Doc?id=10595361
_zAn electronic book accessible through the World Wide Web; click to view
999 _c219056
_d219056